| 000 | 00520ntaaa2200193 4500 | ||
|---|---|---|---|
| 003 | 01 | ||
| 005 | 20251027202145.0 | ||
| 008 | 0714s1973 ag 01 | ||
| 040 |
_aAR-BaBN _bspa _cAR-BaBN _eaacr _dRIC |
||
| 082 | _a264.1000 Eg3 | ||
| 100 |
_aEggleston, M.L. _920078 |
||
| 245 | _aTodavía hay poder en la oración | ||
| 250 | _a1 ed. | ||
| 260 |
_aTemperley : _bUnión de centros bíblicos, _c1972 |
||
| 300 | _a41 p | ||
| 500 | _aEj. 2 (29481) - libro perdido y rep. 22/2/79 | ||
| 650 |
_aoración _91331 |
||
| 942 | _cBK | ||
| 999 |
_c16540 _d16540 |
||